CONTROL SYSTEMS FOR BE/BTECH COURSES (Record no. 8725)

MARC details
000 -LEADER
fixed length control field 00469nam a22001817a 4500
005 - DATE AND TIME OF LATEST TRANSACTION
control field 20250122103430.0
008 - FIXED-LENGTH DATA ELEMENTS--GENERAL INFORMATION
fixed length control field 250122b |||||||| |||| 00| 0 eng d
020 ## - INTERNATIONAL STANDARD BOOK NUMBER
ISBN 978-93-89185-48-5
041 ## - LANGUAGE CODE
Language code of text/sound track or separate title eng
082 ## - DEWEY DECIMAL CLASSIFICATION NUMBER
Classification number 629.8
100 ## - MAIN ENTRY--AUTHOR NAME
Personal name KANI, A NAGOOR
245 ## - TITLE STATEMENT
Title CONTROL SYSTEMS FOR BE/BTECH COURSES
250 ## - EDITION STATEMENT
Edition statement 5TH ED. 2020
260 ## - PUBLICATION, DISTRIBUTION, ETC. (IMPRINT)
Place of publication NEW DELHI
Name of publisher CBS PUBLISHERS & DISTRIBUTORS PVT LTD
300 ## - PHYSICAL DESCRIPTION
Number of Pages 7.86; P
Accompanying material 1.4 P
650 ## - SUBJECT ADDED ENTRY--TOPICAL TERM
Topical Term MINING
942 ## - ADDED ENTRY ELEMENTS (KOHA)
Koha item type Books
Holdings
Lost status Damaged status Collection code Home library Current library Shelving location Date acquired Source of acquisition Cost, normal purchase price Full call number Accession Number Koha item type
    MINING JRU Library JRU Library NEW ARRIVAL SHELF 18/01/2025 DONATED 450.00 629.8 0056/D Books